00518nam a2200169 i 450000100060000000300090000600500170001500700030003200800410003510000210007624501070009726000340020430000220023865000390026070000280029985200210032752471ES-MaACL20230906162604.0t|030829s1982 sp ||||1| spa d1 aChecroun, Alain.10aBasic b: programación de microordenadores / cAlain Checroun ; [traducido por F.J. Sanchis Llorca]. aMadrid : bParaninfo, c1982. a112 p. ; c22 cm. 4aBASIC (Lenguaje de programación)1 aSanchís Llorca, F. J. aES-MaACLjL-4645